00874cam a22002411 450000100060000000300080000600500170001400800390003103500190007004000320008904100080012108200200012910000390014924500890018826000640027730000310034150400200037265100430039265100320043594200120046799900170047995201360049623877BD-RjUL20211209001000.0140312r19891974mau 001 0 eng a(BD-RjUL)23942 aDLCcDLCdDLCdBD-RjULbeng aeng00a915.2bBEC 19891 aBenedict, Ruth,d1887-1948.97352514aThe chrysanthemum and the sword :bpatterns of Japanese culture /cby Ruth Benedict. aBoston :bHoughton Mifflin company,cc1974 [Printing 1989]. a4 p., l., 324 p. ;c22 cm. aIncludes index. 0aJapanxSocial life and customs.973526 0aJapanxCivilization.965133 2ddccBK c23877d23877 00102ddc40708NFICaRUCLbRUCLcStackd1990-03-14eJapan foundationl0o915.2 BEC 1989r2014-03-12 00:00:00tC-4w2014-03-12yBK